Об определении длины в неэвклидовой геометрии

গ্রন্থ-পঞ্জীর বিবরন
প্রধান লেখক: Алексеевский В. П. Владимир Петрович
সংক্ষিপ্ত:Напечатано гражданским шрифтом
ভাষা:রুশ
প্রকাশিত: Харьков, Типография и Литография Зильберберга, 1897
বিষয়গুলি:
বিন্যাস: গ্রন্থ
KOHA link:https://koha.lib.tpu.ru/cgi-bin/koha/opac-detail.pl?biblionumber=142227

MARC

LEADER 00000nam0a2200000 4500
001 142227
005 20231101220945.0
035 |a (RuTPU)RU\TPU\book\154134 
090 |a 142227 
100 |a 20080903d1897 m y0rusy50 ca 
101 0 |a rus 
102 |a UA 
105 |a y z 000zy 
200 1 |a Об определении длины в неэвклидовой геометрии  |f В. П. Алексеевский 
210 |a Харьков  |c Типография и Литография Зильберберга  |d 1897 
215 |a 15 с. 
300 |a Напечатано гражданским шрифтом 
606 |a Дифференциальная геометрия  |2 stltpush  |3 (RuTPU)RU\TPU\subj\67367  |9 83193 
610 1 |a геометрия 
610 1 |a неевклидова геометрия 
610 1 |a длина 
610 1 |a определение 
610 1 |a труды учёных ТПУ 
610 1 |a коллекция ТПУ 
610 1 |a эквиваленты 
610 1 |a линейные преобразования 
675 |a 514.7  |v 3 
700 1 |a Алексеевский  |b В. П.  |c ученый в области математики и теоретической механики  |c директор Томского технологического института (1907-1911)  |f 1858-1916  |g Владимир Петрович  |2 stltpush  |3 (RuTPU)RU\TPU\pers\20244 
801 1 |a RU  |b 63413507  |c 20080903  |g PSBO 
801 2 |a RU  |b 63413507  |c 20191111  |g PSBO 
942 |c BK